Logo BPK

Biblioteka

Politechniki Koszalińskiej

Nauczanie geodezji. Geodezyjne pomiary konstrukcji inżynierskich / (Rekord nr 49754)

Szczegóły MARC
000 -ETYKIETA REKORDU
podpole kontrolne o stałej długości 00533nam a2200169 i 4500
001 - NUMER KONTROLNY REKORDU
pole kontrolne bg
040 ## - ŹRÓDŁO KATALOGOWANIA
Instytucja, która utworzyła rekord BPK
041 ## - KOD JĘZYKA
Kod języka tekstu pol
080 ## - UNIWERSALNA KLASYFIKACJA DZIESIĘTNA - UKD
UKD 528(061)
008 - POLE O STAŁEJ DŁUGOŚCI - DANE KONTROLNE
podpole kontrolne o stałej długości s pl f |000 0 pol
245 #C - TYTUŁ/ODPOWIEDZIALNOŚĆ
Tytuł Nauczanie geodezji. Geodezyjne pomiary konstrukcji inżynierskich /
Pozostałe elementy strefy tytułu i oznaczenia odpowiedzialności red. naukowy Jacek Ossowski.
260 ## - STREFA ADRESU WYDAWNICZEGO
Miejsce wydania Wrocław, Wyd. Politechniki Wrocławskiej,
Data publikacji, dystrybucji/powstania dokumentu 1989.
490 1# - STREFA SERII I DOKUMENTU WIELOCZĘŚCIOWEGO - FORMA NIE DO WYSZUKIWANIA
Tytuł i oznaczenie odpowiedzialności serii Prace Naukowe Instytutu Geotechniki ;
Numeracja w obrębie serii 59
650 #9 - HASŁO PRZEDMIOTOWE W FORMIE NAZWY OGÓLNEJ LUB JEDNOSTKOWEJ
Nazwa ogólna lub geograficzna Geodezja
Określnik ogólny pomiary
830 ## - HASŁO DODATKOWE SERII LUB DOKUMENTU WIELOCZĘŚCIOWEGO - TYTUŁ UJEDNOLICONY
Tytuł ujednolicony Prace Naukowe Instytutu Geotechniki ;
856 ## - LOKALIZACJA I DOSTĘP DO ELEKTRONICZNYCH DOKUMENTÓW ZDALNYCH
Link (URL) http://koha.tu.koszalin.pl/cgi-bin/koha/opac-detail.pl?biblionumber=49754
Tekst linku Katalog online BPK
942 ## - DODATKOWE ELEMENTY (KOHA)
Typ dokumentu Książka
Egzemplarze
Wycofany Status egzemplarza Uszkodzony Dostępność Lokalizacja stała Lokalizacja bieżąca Miejsce przechowywania Sygnatura Kod kreskowy Dział Typ dokumentu
      Tylko na miejscu Biblioteka Politechniki Koszalińskiej Biblioteka Politechniki Koszalińskiej Czytelnia BG S 1662 02262062 528 Geodezja Książka
© 2023 Biblioteka Politechniki Koszalińskiej :: KOHA